World trade volume registers smallest gain since 1983, says GATT.
Výťah z výročnej správy generálneho riaditeľa GATT, ktorá bola zverejnená 18. marca 1992. Minuloročný vzrast objemu svetového obchodu o 3 perc. Hodnota svetového obchodu narástla iba o 1,5 perc. po 13,5 perc. skoku v roku 1990. Rozbor výsledkov zahraničného obchodu v USA, ázijských štátoch a krajiná...
Salvato in:
| Autore principale: | |
|---|---|
| Natura: | Capitolo di libro |
| Lingua: | inglese |
| Soggetti: | |
| Tags: |
Nessun Tag, puoi essere il primo ad aggiungerne!!
|
MARC
| LEADER | 00000naa a2200000 4500 | ||
|---|---|---|---|
| 001 | r009133 | ||
| 005 | 20220913122432.1 | ||
| 041 | 0 | |a eng | |
| 044 | |a US | ||
| 245 | 1 | 0 | |a World trade volume registers smallest gain since 1983, says GATT. |c G.R. Rosen |
| 520 | |a Výťah z výročnej správy generálneho riaditeľa GATT, ktorá bola zverejnená 18. marca 1992. Minuloročný vzrast objemu svetového obchodu o 3 perc. Hodnota svetového obchodu narástla iba o 1,5 perc. po 13,5 perc. skoku v roku 1990. Rozbor výsledkov zahraničného obchodu v USA, ázijských štátoch a krajinách západnej a východnej Európy. Vývoj situácie v antidumpingových krokoch sledovaných na pôde GATT. | ||
| 610 | 2 | 0 | |a obchod svetový |
| 610 | 2 | 0 | |a GATT |
| 610 | 2 | 0 | |a obchod zahraničný |
| 610 | 2 | 0 | |a dumping |
| 610 | 2 | 0 | |a dovoz |
| 610 | 2 | 0 | |a vývoz |
| 100 | 1 | |a Rosen, G.R. | |